La oración (Record no. 40597)

MARC details
000 -LEADER
campo de control de longitud fija 00755nam a2200205 i 4500
001 - NÚMERO DE CONTROL
campo de control 40597
003 - IDENTIFICADOR DE NÚMERO DE CONTROL
campo de control ES-MaACL
005 - FECHA Y HORA DE LA ÚLTIMA TRANSACCIÓN
campo de control 20250820150519.0
007 - CAMPO FIJO DE DESCRIPCIÓN FÍSICA--INFORMACIÓN GENERAL
campo de control de longitud fija t|
008 - DATOS DE LONGITUD FIJA--INFORMACIÓN GENERAL
campo de control de longitud fija 030306s1946 sp ||||1| spa d
100 1# - ENTRADA PRINCIPAL--NOMBRE DE PERSONA
Nombre de persona Carrel, Alexis.
9 (RLIN) 35609
245 13 - MENCIÓN DEL TÍTULO
Título La oración
Resto del título : su poder y efectos curativos vistos por un fisiólogo /
Mención de responsabilidad, etc. Alexis Carrel ; prólogo del Dr. Enriquez de Salamanca ; [traducción del frances por Presentación Ortiz Cantón].
260 ## - PUBLICACIÓN, DISTRIBUCIÓN, ETC.
Lugar de publicación, distribución, etc. [Madrid :
Nombre del editor, distribuidor, etc. s.n.],
Fecha de publicación, distribución, etc. 1946 (
Fabricante Orellana)
300 ## - DESCRIPCIÓN FÍSICA
Extensión 114 p. ;
Dimensiones 17 cm.
650 04 - PUNTO DE ACCESO ADICIONAL DE MATERIA--TÉRMINO DE MATERIA
Término de materia o nombre geográfico como elemento de entrada Oración.
9 (RLIN) 15729
700 1# - ENTRADA AGREGADA--NOMBRE PERSONAL
Nombre de persona Ortiz Cantón, Presentación.
9 (RLIN) 87583
700 1# - ENTRADA AGREGADA--NOMBRE PERSONAL
Nombre de persona Enríquez de Salamanca, Fernando,
Fechas asociadas al nombre 1890-1966
9 (RLIN) 47286
852 ## - LOCALIZACIÓN
Ubicación ES-MaACL
Número de control de estantería B-10506
Sublocalización o colección R.22846
Holdings
Estatus retirado Estado de pérdida Estado de daño No para préstamo Biblioteca de origen Biblioteca actual Ubicación en estantería Fecha de adquisición Fuente de adquisición Total de préstamos Signatura topográfica completa Código de barras Visto por última vez Precio de reemplazo Tipo de ítem Koha
        Biblioteca del Ateneo de Madrid Biblioteca del Ateneo de Madrid Sala Pardo Bazán 17/01/2008     B-10506 1042740 23/02/2023 23/02/2023 Libro impreso